000 01049nam a22003137a 4500
003 OSt
005 20250407160616.0
008 250407b |||||||| |||| 00| 0 eng d
020 _a9780123852458 (paperback)
040 _aNUST
_beng
_cNUST
_dNUST
_erda
050 _aQR186 MAK
100 _aMak, Tak W
_eAuthor
245 _aPrimer to the immune response /
_cTak W Mak, Mary E Saunders and Bradley D Jett.
250 _aSecond edition.
260 _aBurlington, MA, USA :
_bAP Cell Press,
_c2014.
300 _axxvii, 674 pages :
_bIllustrations ;
_c28 cm.
336 _2rdamedia
_atext
_btxt
337 _2rdamedia
_aunmediated
_bn
338 _2rdamedia
_avolume
_bnc
504 _aIncludes bibliographical references and index.
650 _vImmune response.
650 _vIImmunology.
650 _vImmune system.
650 _vImmunologic diseases.
650 _vImmunity.
700 _aSaunders, Mary E
_eAuthor
700 _aJett, Bradley D
_eAuthor
942 _2lcc
_cBOOKS
_eSecond edition.
_hQR186 MAK
_kQR
_mMAK
_n0
999 _c171573
_d171573